<?xml version="1.0" encoding="UTF-8"?>
<record
    xmlns:xsi="http://www.w3.org/2001/XMLSchema-instance"
    xsi:schemaLocation="http://www.loc.gov/MARC21/slim http://www.loc.gov/standards/marcxml/schema/MARC21slim.xsd"
    xmlns="http://www.loc.gov/MARC21/slim">

  <leader>00483nam a22001697a 4500</leader>
  <datafield tag="999" ind1=" " ind2=" ">
    <subfield code="c">107678</subfield>
    <subfield code="d">107678</subfield>
  </datafield>
  <controlfield tag="005">20180924103547.0</controlfield>
  <controlfield tag="008">180924b           ||||| |||| 00| 0 eng d</controlfield>
  <datafield tag="020" ind1=" " ind2=" ">
    <subfield code="a">9789695173503</subfield>
  </datafield>
  <datafield tag="040" ind1=" " ind2=" ">
    <subfield code="c">PK-LaUMT</subfield>
  </datafield>
  <datafield tag="082" ind1=" " ind2=" ">
    <subfield code="a">891.4393</subfield>
    <subfield code="b">TAN-M</subfield>
  </datafield>
  <datafield tag="100" ind1=" " ind2=" ">
    <subfield code="a">Tanzeela Riaz = &#x62A;&#x646;&#x632;&#x6CC;&#x644;&#x6C1; &#x631;&#x6CC;&#x627;&#x636;</subfield>
  </datafield>
  <datafield tag="245" ind1=" " ind2=" ">
    <subfield code="a">Marg-e-barg =  &#x645;&#x631;&#x6AF; &#x628;&#x631;&#x6AF;/</subfield>
    <subfield code="c">Tanzeela Riaz = &#x62A;&#x646;&#x632;&#x6CC;&#x644;&#x6C1; &#x631;&#x6CC;&#x627;&#x636;</subfield>
  </datafield>
  <datafield tag="260" ind1=" " ind2=" ">
    <subfield code="a">Lahore :</subfield>
    <subfield code="b">Ali Mian Publications,</subfield>
    <subfield code="c">2016</subfield>
  </datafield>
  <datafield tag="300" ind1=" " ind2=" ">
    <subfield code="a">239 p.</subfield>
  </datafield>
  <datafield tag="546" ind1=" " ind2=" ">
    <subfield code="a">Urdu</subfield>
  </datafield>
  <datafield tag="942" ind1=" " ind2=" ">
    <subfield code="c">BK</subfield>
  </datafield>
  <datafield tag="952" ind1=" " ind2=" ">
    <subfield code="0">0</subfield>
    <subfield code="1">0</subfield>
    <subfield code="4">0</subfield>
    <subfield code="7">0</subfield>
    <subfield code="a">01</subfield>
    <subfield code="b">01</subfield>
    <subfield code="d">2018-09-24</subfield>
    <subfield code="l">14</subfield>
    <subfield code="o">891.4393 TAN-M</subfield>
    <subfield code="p">124662</subfield>
    <subfield code="r">2025-02-19 14:26:37</subfield>
    <subfield code="s">2025-02-04</subfield>
    <subfield code="w">2018-09-24</subfield>
    <subfield code="y">BK</subfield>
  </datafield>
</record>
